00422nam a2200157Ia 4500003000400000008004100004040001600045082001300061100001700074245004500091260005500136300001000191490002600201650001500227650002200242GCL140319s9999 xx 000 0 eng d aGCL / cGCL04a842bV C1 aVERNE, JULES10aCINQ SEMAINES EN BALLON / cVERNE, JULES a[S.N] : bLA PETITE BIBIOTHEQUE SCOLAIRE ، c1991 a274 P aC'ERES PRODUCTIONSv004aLITERATURE04aFRENCH LITERATURE